Halo Games - Statistics

General Stats
  • This quiz has been taken 670 times
  • The average score is 11 of 15
Answer Stats
Release Date Answer % Correct
15 November 2001 Halo: Combat Evolved
100%
25 September 2007 Halo 3
99%
9 November 2004 Halo 2
98%
6 November 2012 Halo 4
98%
14 September 2010 Halo: Reach
92%
8 December 2021 Halo Infinite
90%
26 February 2009 Halo Wars
87%
22 September 2009 Halo 3: Orbital Drop Shock Troopers
85%
21 February 2017 Halo Wars 2
84%
27 October 2015 Halo 5: Guardians
71%
11 November 2014 Halo: The Master Chief Collection
50%
18 July 2013 Halo: Spartan Assault
49%
15 November 2011 Halo: Combat Evolved Anniversary
34%
16 April 2015 Halo: Spartan Strike
31%
24 July 2018 Halo: Fireteam Raven
21%
No matching quizzes found
Score Distribution
Percent of People with Each Score
Percentile by Number Answered
Your Score History
You have not taken this quiz